Brasil /

Guardado en:
Autor Principal: Bishop, Elizabeth
Formato: Libro
Publicado: México : Life, 1962
Series:Bibl. univ. de Life en Espa¤ol
Materias:
Etiquetas: Agregar Etiqueta
Sin Etiquetas, Sea el primero en etiquetar este registro!
LEADER 00497nam a22001935a 4500
001 CEM.cems001068
005 20060213000000.0
008 130507s1962##################000#0#####d
003 CEMS
082 0 4 |a 981 
100 1 |a Bishop, Elizabeth 
245 1 0 |a Brasil / 
260 |a México :  |b Life,  |c 1962 
300 |a 160 p. 
490 0 |a Bibl. univ. de Life en Espa¤ol 
653 |a Brasil 
653 |a Historia 
653 |a Historia de america 
859 |a CEMS  |b BIB. CEMS - 11 de abril  |h 981  |i B541  |p 2793.74  |t Ej.1